- Eruditos
Entrada Tema o Materia
Número de registros utilizados en: 2
001 - NUMERO DE CONTROL
- Campo de control: 983
003 - IDENTIFICADOR DEL NUMERO DE CONTROL
- Campo de control: CO-MdFUSB
005 - HORA Y FECHA DE LA ULTIMA TRANSACCIÓN
- Campo de control: 20170925151830.0
008 - CAMPO DE LONGITUD FIJA
- Campo fijo de descripción fija: 060505i| acannaabn |a aaa
040 ## -
- : CO-MdFUSB
- : CO-MdFUSB
053 ## - NUMERO DE CLASIFICACIÓN (LC)
- Número clasificador : CT
- Término explicativo: Biography
053 ## - NUMERO DE CLASIFICACIÓN (LC)
- Número clasificador : PA83
- Número del ítem: PA85
- Término explicativo: Classical scholars
150 ## - ENCABEZAMIENTO DE MATERIA-TEMA
- Téma o Materia: Eruditos
550 ## - REFERENCIA DE ENVIO "VEASE ADEMAS" - MATERIA
- Encabezamiento temático o nombre geográfico como elemento de entrada: Erudición
- Subcampo de control: g
550 ## - REFERENCIA DE ENVIO "VEASE ADEMAS" - MATERIA
- Encabezamiento temático o nombre geográfico como elemento de entrada: Enciclopedistas
- Subcampo de control: h
550 ## - REFERENCIA DE ENVIO "VEASE ADEMAS" - MATERIA
- Encabezamiento temático o nombre geográfico como elemento de entrada: Filólogos
- Subcampo de control: h
550 ## - REFERENCIA DE ENVIO "VEASE ADEMAS" - MATERIA
- Encabezamiento temático o nombre geográfico como elemento de entrada: Filósofos
- Subcampo de control: h
550 ## - REFERENCIA DE ENVIO "VEASE ADEMAS" - MATERIA
- Encabezamiento temático o nombre geográfico como elemento de entrada: Hebraístas
- Subcampo de control: h
550 ## - REFERENCIA DE ENVIO "VEASE ADEMAS" - MATERIA
- Encabezamiento temático o nombre geográfico como elemento de entrada: Historiadores
- Subcampo de control: h
550 ## - REFERENCIA DE ENVIO "VEASE ADEMAS" - MATERIA
- Encabezamiento temático o nombre geográfico como elemento de entrada: Teólogos
- Subcampo de control: h
550 ## - REFERENCIA DE ENVIO "VEASE ADEMAS" - MATERIA
- Encabezamiento temático o nombre geográfico como elemento de entrada: Especialistas
550 ## - REFERENCIA DE ENVIO "VEASE ADEMAS" - MATERIA
- Encabezamiento temático o nombre geográfico como elemento de entrada: Sabios
670 ## - FUENTE EN LA QUE SE LOCALIZARON DATOS
- Cita de la fuente : ARMARC
670 ## - FUENTE EN LA QUE SE LOCALIZARON DATOS
- Cita de la fuente : LCSH
750 #0 - ASIENTO LIGADO AL ENCABEZAMIENTO - TEMATICO
- Número de control del registro: sh 85118236
- Encabezamiento temático : Scholars
750 #0 - ASIENTO LIGADO AL ENCABEZAMIENTO - TEMATICO
- Número de control del registro: sh 85064725
- Encabezamiento temático : Incarnation
